000 00758nam a2200265 i 4500
003 DO-SdBNP
005 20241009112040.0
007 ta
008 240409s1999 dr 000 p spa d
040 _aDO-SdBNP
_bspa
_cBNPHU
_erda
041 _aspa
082 4 _bC117o
_222
100 _985194
245 1 0 _aObras 2 :
_bImago mundi lecturas críticas 1995-1999 /
264 _aSanto Domingo :
_bConsejo Presidencial de Cultura,
_c1999
300 _a275 páginas ;
_c21 cm.
336 _2rdacontent
_atexto
_btxt
337 _2rdamedia
_asin mediación
_bn
338 _2rdacarrier
_avolumen
_bnc
490 _aFin de Siglo
586 _aPremio Letras de Ultramar de cuento 2014
590 _aInventariado, 2024 / DG
910 _aDG
942 _2ddc
_cLBS1
999 _c57796
_d57796